00678pab a2200181 454500008004000000100002500040245018300065260000900248300001700257362000800274650001700282650002100299773003500320908000600355909001100361999001900372952010500391180718b2014 xxu||||| |||| 00| 0 eng d aEhrenberg, Ronald G. aWhat's the future of public higher education? A review essay on Gary C. Fethke and Andrew J. Policano's public no more: A new path to excellence for America's public universities c2014 ap.1142-1150. aDec aUniversities aHigher education aJournal of Economic Literature aN a106932 c106927d106927 00104070aIIPAbIIPAd2018-07-19hVolume no: 52, Issue no: 4pAR107392r2018-07-19w2018-07-19yAR